Statistics for Words Rearranged Into Other Words

Click here to take the quiz!

General Stats

  • This quiz has been taken 22 times
  • The average score is 7 of 25

Answer Stats

HintAnswer% Correct
RatArt
95%
DogGod
95%
WarRaw
95%
RatTar
95%
BowlBlow
53%
RubeUber
53%
BowelBelow
42%
TrassStars
42%
ThreeThere
37%
BowelElbow
32%
RootOort
32%
FingerFringe
11%
RamsonRansom
11%
BlanketsBlankest
5%
EngramGerman
5%
FlemishHimself
5%
TrinketsKnitters
5%
RamsonManors
5%
CreativeReactive
5%
EnglishShingle
5%
SwedishSwished
5%
ThreeEither
0%
EngramManager
0%
RamsonRomans
0%
TrassTsars
0%

Score Distribution

Percentile by Number Answered

Percent of People with Each Score

Your Score History

You have not taken this quiz